000 00623nam a2200241Ia 4500
003 OSt
005 20221007101000.0
006 a|||||r|||| 00| 0
007 ta
008 221006b |||||||| |||| 00| 0 eng d
024 _a5,598
037 _cTextual
040 _aLCO
_cLCO
_beng
041 _2eng
_aeng
082 _aX413:(Z), K7
100 _aNiekirk Paul H.
_9702421
245 0 _aMotoring Offences
260 _aLondon
_bButterworths & Co. (Publishers) Ltd. U.K.
_c1967
300 _a148
650 _aMOTOR
942 _hX413:(Z), K7
_cTEXL
999 _c1175161
_d1175161